| 000 | 00531nam a2200193 i 4500 | ||
|---|---|---|---|
| 001 | bgj | ||
| 100 | 1 | _aBROMHEAD, Peter. | |
| 245 | 1 | 0 |
_aLife in Modern Britain / _cPeter Bromhead. |
| 250 | _a[7th] new edition. | ||
| 260 |
_a[Harlow, Essex] : _bLongman, _c1991. |
||
| 300 |
_aVII, 198 pp : _bphotos ; _c24 cm. |
||
| 651 | 9 |
_aGreat Britain _xSocial life and culture |
|
| 020 | _a0582036429 (pbk) | ||
| 040 | _cBPK | ||
| 041 | _aeng | ||
| 920 | _a0582-03642-9 (pbk) | ||
| 942 | _cKS | ||
| 008 | s uk f |000 0 eng | ||
| 999 |
_c49324 _d49324 |
||
| 856 |
_uhttp://koha.tu.koszalin.pl/cgi-bin/koha/opac-detail.pl?biblionumber=49324 _yKatalog online BPK |
||